Ιστορικές και επιστημονικές θεμελιώσεις της κοινωνιολογίας
Αποθηκεύτηκε σε:
| Κύριος συγγραφέας: | |
|---|---|
| Μορφή: | Βιβλίο |
| Γλώσσα: | Greek |
| Δημοσίευση: |
Πειραιάς :
Καραμπερόπουλος,
1979
|
| Θέματα: | |
| Ετικέτες: |
Προσθήκη ετικέτας
Δεν υπάρχουν, Καταχωρήστε ετικέτα πρώτοι!
|
MARC
| LEADER | 00000nam a2200000 i 4500 | ||
|---|---|---|---|
| 001 | 1/46020 | ||
| 008 | 931005s1979 gre d | ||
| 035 | |a 1987 |b 2 |c Αγορά/Τσιάκαλος |l 10026245 | ||
| 040 | |a GR-MY-UA |b gre |e aacr | ||
| 041 | 0 | |a gre | |
| 082 | 0 | |a 301.09 | |
| 100 | 1 | |a Εμμανουήλ, Αρτεμις Φ. | |
| 245 | 1 | 0 | |a Ιστορικές και επιστημονικές θεμελιώσεις της κοινωνιολογίας / |c Αρτεμις Φ. Εμμανουήλ |
| 246 | 3 | 3 | |a Θεμελιώσεις της κοινωνιολογίας |
| 260 | |a Πειραιάς : |b Καραμπερόπουλος, |c 1979 | ||
| 300 | |a 388 σ. | ||
| 650 | 0 | 0 | |a Sociology. |
| 650 | 0 | 0 | |a Sociology |x History. |
| 852 | |a INST |b CHIOS |e 19960306 |h 301.09 ΕΜΜ |p 005200000721 |q 005200000721 |t BK |y 0 | ||
| 852 | |a INST |b CHIOS |e 19960306 |h 301.09 ΕΜΜ |p 005200000729 |q 005200000729 |t BK |y 0 | ||
| 852 | |a INST |b RHODES |e 19931005 |h 301 ΕΜΜ |p 005400003895 |q 005400003895 |t BK |y 0 | ||
| 909 | |a Χ |b 016377 | ||
| 909 | |a Ρ |b 006583 |c 1987 | ||
| 909 | |a Χ |b 016417 | ||